| 000 | 00478nam a2200169Ia 4500 | ||
|---|---|---|---|
| 008 | 230718s9999 xx 000 0 und d | ||
| 020 | _a9789350233009 | ||
| 041 | _aeng | ||
| 082 |
_a005.14 _bS.S |
||
| 100 |
_aSubashni S. _9176161 |
||
| 245 | _aSoftware Testing Using Visual Studio 2010 | ||
| 260 |
_c2011 _bPackt Pub. |
||
| 300 | _a384 | ||
| 365 |
_cRs. _b375.00 |
||
| 700 |
_aSubashni S. & Satheesh K. _9191923 |
||
| 906 |
_dO:0166722-Mar-2011B:745118-Mar-2011 _cCOMP _b93.75 |
||
| 999 |
_c327554 _d327554 |
||